000 00853cab a2200289 4500
001 WB3009-07
008 090401t1994 xxu||||| |||| 00| 0 eng d
035 _a(Sirsi) u29020
041 _aeng
245 _aOffice market shows sign of life
260 _c1994
350 _a0
490 _aFinancial Times
_v4 March 1994, 15(1)
520 _aDTZ Debenham Thorpe and Applied Property Research both report on signs of revival in the London office market.
650 _aAPPLIED PROPERTY RESEARCH
650 _aCITY FRINGES
650 _aCITY OF LONDON
650 _aDOCKLANDS
650 _aDTZ DEBENHAM THORPE
650 _aLONDON
650 _aMID TOWN
650 _aOFFICES
650 _aWEST END OF LONDON
690 _aPROPERTY-COMMERCIAL PROPERTY-COMMERCIAL PROPERTY FINANCE AND INVESTMENT
942 _n0
948 _c04/03/1997
999 _c19531
_d19531